Autumn provincial meeting at Exeter on Wednesday 9th, Thursday 10th and Friday 11th September, 1903 (Record no. 99746)

MARC details
000 -LEADER
fixed length control field 00699cam a22001815a 4500
001 - CONTROL NUMBER
control field ##J100670
008 - FIXED-LENGTH DATA ELEMENTS--GENERAL INFORMATION
fixed length control field 000000s1902 000 0 eng u
035 ## - SYSTEM CONTROL NUMBER
System control number (Sirsi) u100670
041 0# - LANGUAGE CODE
Language code of text/sound track or separate title eng
050 04 - LIBRARY OF CONGRESS CALL NUMBER
Classification number 942.273 $2 22
110 2# - MAIN ENTRY--CORPORATE NAME
Corporate name or jurisdiction name as entry element Auctioneers' Institute of the United Kingdom
9 (RLIN) 3785
245 00 - TITLE STATEMENT
Title Autumn provincial meeting at Exeter on Wednesday 9th, Thursday 10th and Friday 11th September, 1903
260 ## - PUBLICATION, DISTRIBUTION, ETC.
Place of publication, distribution, etc. [S.l.]
Name of publisher, distributor, etc. [s.n.]
Date of publication, distribution, etc. 1902
300 ## - PHYSICAL DESCRIPTION
Extent 16p.
Other physical details ill
-- map
Dimensions 10cm.
520 ## - SUMMARY, ETC.
Summary, etc. Pamphlet outlining the list of committee members; objectives of the institution; qualifications and admission of members; general arrangements, and itinerary.
690 ## - LOCAL SUBJECT ADDED ENTRY--TOPICAL TERM (OCLC, RLIN)
Topical term or geographic name as entry element Auctioneering
9 (RLIN) 6218
942 ## - ADDED ENTRY ELEMENTS (KOHA)
Suppress in OPAC 0
Holdings
Withdrawn status Lost status Source of classification or shelving scheme Damaged status Not for loan Home library Current library Shelving location Date acquired Total Checkouts Full call number Barcode Date last seen Copy number Price effective from Koha item type
    Dewey Decimal Classification     Historic collection Historic collection RICS Boxes 21/10/1999   RICS 1903/2 30059300 06/08/2019 1 06/08/2019 Archive